01389nam a22002297a 450000500170000000800410001702000180005804000070007604100120008308200190009510000210011424500590013526000460019430000300024036500120027052006990028265000140098170000270099594200120102299900190103495201060105320250719154834.0220830b ||||| |||| 00| 0 eng d a9781405160391 cAL aEnglish a070.4332bOWEI aJohn Owen956108 aInternational news reportingbFrontlines and Deadlines aUnited KingdombJohn wiley and sonsc2009 axvi,280p.bPBc23x15.4cm. 2General aA collection of essays by top international correspondents in print, broadcasting, and photojournalism, International News Reporting offers an introduction to journalism written by the people who have made the profession what it is today. Contributors identify the major areas of professional practice which students and young journalists need to know in order to work safely in, and understand fully, the field of international news gathering Looks at events from conflicts to humanitarian disasters Covers crucial topics such as how to report stories about the developing world, how to avoid stereotyping, the uses and abuses of blogging, and risk assessment for journalists in conflict zones 2Jornalism aPurdey, Heather956109 2ddccBK c224487d224487 00102ddc40708MAJMCaSACPGbSACPGd2009-04-04l0o070.4332 OWEIpPG003073r2022-08-30 00:00:00yBK